[Event "FIDE World Rapid 2013"]
[Site "Khanty-Mansiysk RUS"]
[Date "2013.06.06"]
[Round "3.28"]
[White "Cherniaev, Alexander"]
[Black "Ram, S. Krishnan"]
[Result "0-1"]
[WhiteTitle "GM"]
[WhiteElo "2447"]
[BlackElo "2248"]
[WhiteFideId "4117301"]
[BlackFideId "5010519"]
[EventDate "2013.06.06"]

1. e4 e6 2. Nf3 d5 3. Nc3 Nf6 4. e5 Nfd7 5. d4 c5 6. dxc5 Nc6 7. Bf4 Bxc5 8. Bd3
Be7 9. h4 Nc5 10. Qe2 Bd7 11. O-O-O Nxd3+ 12. Rxd3 Qa5 13. Kb1 Nb4 14. Rdd1 Rc8
15. a3 Rxc3 16. axb4 Bxb4 17. Nd4 Rc4 18. Rh3 Qb6 19. Be3 Bc5 20. Nb3 Bxe3 21.
Rxe3 Rxh4 22. Rg3 g6 23. Qd2 Rb4 24. Qh6 a5 25. Rf3 a4 26. Qc1 0-1

[Event "FIDE World Rapid 2013"]
[Site "Khanty-Mansiysk RUS"]
[Date "2013.06.06"]
[Round "3.29"]
[White "Akbaev, Kazbek"]
[Black "Kabanov, Nikolai"]
[Result "0-1"]
[WhiteTitle "IM"]
[BlackTitle "GM"]
[WhiteElo "2475"]
[BlackElo "2472"]
[WhiteFideId "4131045"]
[BlackFideId "4127820"]
[EventDate "2013.06.06"]

1. d4 g6 2. Nf3 Bg7 3. h3 Nf6 4. Bf4 O-O 5. e3 c5 6. c3 d6 7. Be2 Nbd7 8. Na3 a6
9. O-O b5 10. Nc2 Bb7 11. a4 Bc6 12. a5 Rc8 13. c4 Bxf3 14. Bxf3 cxd4 15. cxb5
e5 16. Bg5 axb5 17. exd4 Qc7 18. Nb4 e4 19. Be2 Ra8 20. a6 Qb6 21. Be3 d5 22.
Qb3 Qd6 23. Rfc1 Nb6 24. Rc6 Qb8 25. Bxb5 Nc8 26. Be2 Ne7 27. Rc5 Ra7 28. Rb5
Qd6 29. Rb7 Rfa8 30. Rc1 Bf8 31. g3 Nf5 32. Rc6 Qd8 33. Qc3 Nxe3 34. fxe3 Kg7
35. g4 Rxb7 36. axb7 Rb8 37. Rc8 Qd6 38. Rxb8 Qxb8 39. Nc6 Qxb7 40. Ne5 Bd6 41.
Kf2 Qe7 42. b4 Bxb4 43. Qc8 Bd6 44. Nc6 Qd7 45. Qxd7 Nxd7 46. Bd1 Kf6 47. Bb3
Nb6 48. Nd8 Ke7 49. Nb7 Bb4 50. Nc5 Bxc5 51. dxc5 Nd7 52. Bxd5 Nxc5 53. Kg3 g5
54. Kf2 Kd6 55. Ke2 h6 56. Kd2 Nd3 57. Bc4 Ne5 58. Ba6 Ng6 59. Bc4 Nf8 0-1

[Event "FIDE World Rapid 2013"]
[Site "Khanty-Mansiysk RUS"]
[Date "2013.06.06"]
[Round "4.1"]
[White "Vallejo Pons, Francisco"]
[Black "Nepomniachtchi, Ian"]
[Result "0-1"]
[WhiteTitle "GM"]
[BlackTitle "GM"]
[WhiteElo "2706"]
[BlackElo "2717"]
[WhiteFideId "2205530"]
[BlackFideId "4168119"]
[EventDate "2013.06.06"]

1. e4 c5 2. Nc3 a6 3. g4 b5 4. Bg2 Bb7 5. d3 e6 6. Nh3 Nc6 7. O-O Nge7 8. f4 Ng6
9. Be3 Qc7 10. Qe1 Be7 11. Qf2 Nd4 12. Nd1 d6 13. c3 Nc6 14. d4 cxd4 15. cxd4
Bh4 16. Qd2 Nge7 17. d5 Nd8 18. dxe6 fxe6 19. Rc1 Nec6 20. g5 h6 21. gxh6 gxh6
22. f5 Qe7 23. Qe2 Ne5 24. Nf4 Rg8 25. fxe6 Nxe6 26. Qh5+ Kd7 27. Nd5 Bxd5 28.
exd5 Nc5 29. Kh1 Raf8 30. Rxf8 Rxf8 31. b4 Ned3 32. Rc3 Be1 33. Qh3+ Kc7 34.
bxc5 Bxc3 35. cxd6+ Qxd6 36. Nxc3 Nf4 37. Qg3 Nxg2 38. Kxg2 Qxg3+ 39. hxg3 h5
40. Bf4+ Kb6 41. d6 Kc6 42. Kf3 b4 43. Ne4 a5 44. Ke3 a4 45. Bg5 b3 46. axb3 a3
47. Nc3 Rb8 48. Kd3 Rxb3 49. Kc4 Rb2 50. Bf4 a2 51. Nxa2 Rxa2 52. Kd4 Re2 53.
Kd3 Re8 54. Kd4 Re1 55. Be5 Kd7 56. Kd5 Rd1+ 57. Ke4 Ke6 58. Bf4 Rf1 59. Ke3 Rd1
60. Ke4 Rb1 61. Kf3 Kf5 62. Bd2 Rb6 63. Bf4 Rb5 64. Kg2 Kg4 65. Bh6 Rd5 66. Bf4
h4 67. Kh2 Rd3 68. Be5 Rd2+ 69. Kg1 hxg3 0-1

[Event "FIDE World Rapid 2013"]
[Site "Khanty-Mansiysk RUS"]
[Date "2013.06.06"]
[Round "4.4"]
[White "Bologan, Viktor"]
[Black "Najer, Evgeniy"]
[Result "1-0"]
[WhiteTitle "GM"]
[BlackTitle "GM"]
[WhiteElo "2672"]
[BlackElo "2633"]
[WhiteFideId "13900048"]
[BlackFideId "4118987"]
[EventDate "2013.06.06"]

1. e4 c5 2. Nf3 d6 3. d4 cxd4 4. Nxd4 Nf6 5. Nc3 Nc6 6. Bg5 e6 7. Qd2 a6 8.
O-O-O h6 9. Be3 Qc7 10. f3 Rb8 11. Kb1 Be7 12. g4 Ne5 13. Rg1 b5 14. a3 b4 15.
axb4 Rxb4 16. h4 Qb7 17. b3 Rxd4 18. Qxd4 Nxf3 19. Qa4+ Bd7 20. Bxa6 Qa8 21. Bb5
Qxa4 22. bxa4 Nxg1 23. Rxg1 Bd8 24. g5 hxg5 25. hxg5 Ng8 26. Rd1 Rh3 27. Bd4
Bxg5 28. a5 Be3 29. Bxe3 Rxe3 30. Kb2 Ne7 31. Rxd6 Bxb5 32. Nxb5 Nc8 33. a6 Rxe4
34. Rc6 Rb4+ 35. Kc3 Ne7 36. Rc5 Ra4 37. Kb3 Ra1 38. Na3 Rd1 39. a7 Rd8 40. Nb5
Kd7 41. Rc7+ Ke8 42. Nd6+ Kf8 43. Nc8 Nd5 44. a8=Q Nxc7 45. Qa3+ Kg8 46. Ne7+
Kh7 47. Qa5 Rb8+ 48. Kc3 Nb5+ 49. Kd3 Rb7 50. c4 Rd7+ 51. Ke4 1-0

[Event "FIDE World Rapid 2013"]
[Site "Khanty-Mansiysk RUS"]
[Date "2013.06.06"]
[Round "4.5"]
[White "Cheparinov, Ivan"]
[Black "Grischuk, Alexander"]
[Result "1/2-1/2"]
[WhiteTitle "GM"]
[BlackTitle "GM"]
[WhiteElo "2678"]
[BlackElo "2779"]
[WhiteFideId "2905540"]
[BlackFideId "4126025"]
[EventDate "2013.06.06"]

1. d4 Nf6 2. c4 e6 3. Nf3 b6 4. g3 Bb7 5. Bg2 Be7 6. O-O O-O 7. Re1 Na6 8. Nc3
Ne4 9. Nxe4 Bxe4 10. Ne5 Bxg2 11. Kxg2 c5 12. d5 Qc7 13. Nf3 exd5 14. cxd5 d6
15. Bf4 Bf6 16. Qd2 Rfe8 17. e4 Nb8 18. e5 dxe5 19. Nxe5 Qb7 20. Nc4 Rxe1 21.
Rxe1 Na6 22. Nd6 Qd7 23. b3 Nc7 24. Qd3 Bd4 25. Qe4 Rd8 26. h4 g6 27. Qf3 h5 28.
Rd1 Qg4 29. Qxg4 hxg4 30. Nxf7 Kxf7 31. Bxc7 Rxd5 32. f3 gxf3+ 33. Kxf3 Ke6 34.
Bf4 Bf6 35. Rxd5 Kxd5 36. Be3 b5 37. Bf2 a5 38. g4 c4 39. bxc4+ Kxc4 40. h5 gxh5
41. gxh5 b4 42. Ke2 Kc3 43. Bb6 a4 44. Ba5 a3 45. h6 Kc4 46. Bxb4 Kxb4 47. Kd3
Bg5 48. h7 Bf6 49. h8=Q Bxh8 50. Kc2 Kc4 51. Kb1 Kc3 52. Kc1 Kd3 53. Kb1 Bb2 1/2-1/2

[Event "FIDE World Rapid 2013"]
[Site "Khanty-Mansiysk RUS"]
[Date "2013.06.06"]
[Round "4.7"]
[White "Rublevsky, Sergei"]
[Black "Le, Quang Liem"]
[Result "0-1"]
[WhiteTitle "GM"]
[BlackTitle "GM"]
[WhiteElo "2695"]
[BlackElo "2712"]
[WhiteFideId "4115309"]
[BlackFideId "12401137"]
[EventDate "2013.06.06"]

1. e4 c5 2. Nf3 d6 3. d4 cxd4 4. Nxd4 Nf6 5. Nc3 a6 6. Bc4 e6 7. Bb3 Be7 8. f4
Nc6 9. Be3 O-O 10. Qf3 Nd7 11. O-O-O Nc5 12. Nxc6 Nxb3+ 13. axb3 bxc6 14. e5 d5
15. Na4 f6 16. Qg3 fxe5 17. fxe5 Rb8 18. Rhf1 Rf5 19. Bc5 Rb5 20. Bxe7 Qxe7 21.
Qe3 Qg5 22. Qxg5 Rxg5 23. Rf2 Rxe5 24. g4 h5 25. Rdf1 Kh7 26. Rf8 Bb7 27. gxh5
Rxh5 28. R8f7 Rg5 29. Rc7 d4 30. Rff7 Ba8 31. Rc8 Rg1+ 32. Kd2 Rh5 33. Rxa8
Rxh2+ 34. Kd3 e5 35. Raa7 Rg3+ 36. Kc4 Rxc2+ 37. Kb4 d3 38. Rad7 d2 39. Nc3 Rxb2
40. Ka3 Rc2 41. Ne4 Rg2 42. Rd6 Ra2+ 43. Kb4 Rg4 44. Rdd7 Rxe4+ 0-1

[Event "FIDE World Rapid 2013"]
[Site "Khanty-Mansiysk RUS"]
[Date "2013.06.06"]
[Round "4.8"]
[White "Zvjaginsev, Vadim"]
[Black "Akopian, Vladimir"]
[Result "1/2-1/2"]
[WhiteTitle "GM"]
[BlackTitle "GM"]
[WhiteElo "2659"]
[BlackElo "2691"]
[WhiteFideId "4113403"]
[BlackFideId "13300032"]
[EventDate "2013.06.06"]

1. c4 e5 2. Nc3 Nc6 3. g3 g6 4. Bg2 Bg7 5. Nf3 Nf6 6. O-O O-O 7. d3 d6 8. Rb1 a5
9. a3 Re8 10. Bg5 h6 11. Bxf6 Bxf6 12. b4 axb4 13. axb4 Bg7 14. b5 Ne7 15. Qc2
c6 16. Nd2 Be6 17. bxc6 bxc6 18. Rb7 Bc8 19. Rb3 Be6 20. Rb7 Bc8 21. Rb3 Be6 22.
Rb7 1/2-1/2

[Event "FIDE World Rapid 2013"]
[Site "Khanty-Mansiysk RUS"]
[Date "2013.06.06"]
[Round "4.9"]
[White "Safarli, Eltaj"]
[Black "Sargissian, Gabriel"]
[Result "1-0"]
[WhiteTitle "GM"]
[BlackTitle "GM"]
[WhiteElo "2660"]
[BlackElo "2671"]
[WhiteFideId "13402129"]
[BlackFideId "13300881"]
[EventDate "2013.06.06"]

1. e4 e5 2. Nf3 Nc6 3. Bb5 a6 4. Ba4 Nf6 5. O-O Be7 6. d3 b5 7. Bb3 d6 8. a4 Bd7
9. Be3 O-O 10. h3 Na5 11. Ba2 bxa4 12. Nc3 c5 13. Bd2 Rb8 14. Bb1 Rxb2 15. Nxa4
Rb5 16. c4 Rb4 17. Bxb4 cxb4 18. Nb2 Qc7 19. d4 exd4 20. Nxd4 Rb8 21. Bc2 Qb6
22. Ba4 Bxa4 23. Nxa4 Qc7 24. Nb2 Nb7 25. Rxa6 Nc5 26. Nb5 Qd8 27. Ra7 Nfxe4 28.
Nd3 Nc3 29. Nxc3 bxc3 30. Nf4 Bf6 31. Nd5 h6 32. Qf3 c2 33. Qf5 Rb2 34. Rc1 Qb8
35. Nxf6+ gxf6 36. Ra3 d5 37. Rg3+ Kf8 38. cxd5 Qe5 39. Qc8+ 1-0

[Event "FIDE World Rapid 2013"]
[Site "Khanty-Mansiysk RUS"]
[Date "2013.06.06"]
[Round "4.11"]
[White "Kurnosov, Igor"]
[Black "Vitiugov, Nikita"]
[Result "1-0"]
[WhiteTitle "GM"]
[BlackTitle "GM"]
[WhiteElo "2657"]
[BlackElo "2734"]
[WhiteFideId "4142527"]
[BlackFideId "4152956"]
[EventDate "2013.06.06"]

1. e4 c6 2. d4 d5 3. e5 Bf5 4. Nf3 e6 5. Be2 Ne7 6. O-O Nc8 7. a4 a5 8. Nbd2 Na6
9. Nb3 Be7 10. Bd2 Nb4 11. Ne1 O-O 12. c3 Na6 13. Bd3 Nc7 14. f4 Nb6 15. Qc2 Qc8
16. h3 Nc4 17. g4 Bxd3 18. Nxd3 f5 19. exf6 Bxf6 20. Rae1 b6 21. Bc1 Bh4 22. Re2
Ne8 23. Ne5 Ned6 24. Nxc4 Nxc4 25. Nd2 Nxd2 26. Bxd2 Qd7 27. g5 h6 28. gxh6 Rf5
29. Rg2 Bf6 30. Rf3 Rf8 31. Rfg3 Rf7 32. Qb3 Qc7 33. Rg6 Kh7 34. hxg7 Rxg7 35.
Rxg7+ Bxg7 36. Qd1 Qf7 37. Qe2 Rh5 38. Qg4 Bf6 39. Be1 Be7 40. Re2 Rf5 41. Bg3
c5 42. Re5 cxd4 43. cxd4 Bf6 44. Rxf5 Bxd4+ 45. Bf2 Bxf2+ 46. Kxf2 exf5 47. Qh4+
Kg7 48. Qg5+ Kh7 49. h4 d4 50. Qd8 Qc4 51. Qe7+ Kg8 52. Qg5+ Kh8 53. Qh6+ Kg8
54. Qg6+ Kh8 55. Qxf5 Qxa4 56. Qf8+ Kh7 57. Qf7+ Kh8 58. Qf8+ Kh7 59. Qf5+ Kh8
60. Qc8+ Kg7 61. Qc7+ Kg8 62. h5 d3 63. Ke3 Qd1 64. Qd8+ Kf7 65. Qd5+ Ke7 66.
Qb7+ Kf8 67. Qc8+ Ke7 68. Qc7+ Ke8 69. Qc6+ Ke7 70. Qe4+ Kf8 71. Qxd3 Qxh5 72.
Qd6+ Kf7 73. Qc7+ Kf8 74. Qxb6 Qh3+ 75. Kd4 Qf3 76. Qd8+ Kg7 77. Qe7+ Kg8 78.
Qg5+ Kf8 79. Qc5+ Kg7 80. Qc7+ Kf8 81. Qc5+ Kg7 82. Qe5+ Kf8 83. Kc5 a4 84. Qf6+
Kg8 85. Qd8+ Kg7 86. Qd4+ Kg6 87. Qd6+ Kf5 88. Qd5+ Qxd5+ 89. Kxd5 Kxf4 90. Kc5
Ke5 91. Kb5 Kd5 92. Kxa4 Kc5 93. Ka5 Kc6 94. b4 Kb7 95. Kb5 Ka7 96. Kc6 1-0

[Event "FIDE World Rapid 2013"]
[Site "Khanty-Mansiysk RUS"]
[Date "2013.06.06"]
[Round "4.12"]
[White "Lagno, Kateryna"]
[Black "Mamedov, Rauf"]
[Result "1/2-1/2"]
[WhiteTitle "GM"]
[BlackTitle "GM"]
[WhiteElo "2542"]
[BlackElo "2637"]
[WhiteFideId "14109336"]
[BlackFideId "13401653"]
[EventDate "2013.06.06"]

1. Nf3 Nf6 2. g3 g6 3. Bg2 d5 4. d4 Bg7 5. O-O O-O 6. c4 c6 7. cxd5 cxd5 8. Ne5
Ng4 9. Nxg4 Bxg4 10. Nc3 Nc6 11. h3 Bd7 12. Nxd5 Nxd4 13. Bg5 Nc6 14. Qd2 Be6
15. Rfd1 Bxd5 16. Bxd5 Qc8 17. Bg2 Rd8 18. Qc2 Qe6 19. Be3 Bd4 20. Bxc6 Bxe3 21.
Bg2 Bb6 22. e3 Rdc8 23. Qe4 Qxe4 1/2-1/2

[Event "FIDE World Rapid 2013"]
[Site "Khanty-Mansiysk RUS"]
[Date "2013.06.06"]
[Round "4.13"]
[White "Andreikin, Dmitry"]
[Black "Popov, Ivan RUS"]
[Result "1-0"]
[WhiteTitle "GM"]
[BlackTitle "GM"]
[WhiteElo "2713"]
[BlackElo "2632"]
[WhiteFideId "4158814"]
[BlackFideId "4170350"]
[EventDate "2013.06.06"]

1. e4 e5 2. Nf3 Nc6 3. Bb5 a6 4. Ba4 Nf6 5. O-O Nxe4 6. d4 b5 7. Bb3 d5 8. dxe5
Be6 9. Nbd2 Be7 10. c3 O-O 11. a4 b4 12. Nd4 Nxd4 13. cxd4 Nxd2 14. Bxd2 c5 15.
dxc5 Bxc5 16. Rc1 Qb6 17. Qf3 Bd4 18. Be3 Bxe3 19. Qxe3 Qxe3 20. fxe3 Rfc8 21.
Kf2 Kf8 22. Ke2 Ke7 23. Kd3 Bf5+ 24. Kd4 Be4 25. g3 Ke6 26. Bd1 f5 27. exf6 gxf6
28. Bg4+ f5 29. Be2 Bc2 30. g4 Bxa4 31. Bd3 Rxc1 32. Bxf5+ Kd6 33. Rxc1 h6 34.
Rc5 Bb3 35. Ra5 Bc4 36. e4 Re8 37. Rc5 Bb5 38. Rxd5+ 1-0

[Event "FIDE World Rapid 2013"]
[Site "Khanty-Mansiysk RUS"]
[Date "2013.06.06"]
[Round "4.16"]
[White "Gordievsky, Dmitry"]
[Black "Movsesian, Sergei"]
[Result "0-1"]
[WhiteTitle "FM"]
[BlackTitle "GM"]
[WhiteElo "2474"]
[BlackElo "2699"]
[WhiteFideId "24112798"]
[BlackFideId "310204"]
[EventDate "2013.06.06"]

1. d4 d5 2. c4 c6 3. Nc3 Nf6 4. e3 a6 5. Qc2 g6 6. Bd3 Bg7 7. Nf3 O-O 8. O-O Bg4
9. Ne5 Be6 10. c5 Nbd7 11. Nxd7 Qxd7 12. Rb1 Bf5 13. Bxf5 gxf5 14. Ne2 e6 15.
Qd3 Qc7 16. f3 Kh8 17. Bd2 Rg8 18. Be1 Nh5 19. Kh1 f4 20. e4 Qe7 21. Rg1 Rad8
22. b4 Bf6 23. e5 Bh4 24. g4 fxg3 25. hxg3 Bg5 26. f4 Bh6 27. Qf3 Ng7 28. g4 Ne8
29. g5 Bf8 30. Rg2 Rg6 31. Rh2 Kg8 32. Ng3 Ng7 33. Qg2 Qd7 34. Qh3 h6 35. gxh6
Nf5 36. h7+ Kh8 37. Nxf5 exf5 38. Bh4 Re8 39. Rg1 Bg7 40. Bg5 Qe6 41. Qh5 a5 42.
bxa5 Ra8 43. Rb1 Qd7 44. Qf3 Rxa5 45. Qb3 Rb5 46. Qc2 Rxb1+ 47. Qxb1 f6 48. exf6
Bxf6 49. Bxf6+ Rxf6 50. Qg1 Qe8 51. Qg5 Qe1+ 52. Kg2 Qe2+ 53. Kg3 Qe1+ 54. Kh3
Qf1+ 55. Kh4 Qe1+ 56. Kh5 Qd1+ 57. Kh4 Rh6+ 58. Kg3 Qg1+ 59. Kf3 Qxg5 60. fxg5
Rxh2 61. Kf4 Kg7 62. Kxf5 Rxa2 63. g6 Re2 64. h8=Q+ Kxh8 65. Kf6 Kg8 66. g7 Re4 0-1

[Event "FIDE World Rapid 2013"]
[Site "Khanty-Mansiysk RUS"]
[Date "2013.06.06"]
[Round "4.17"]
[White "Al-Sayed, Mohammed"]
[Black "Khismatullin, Denis"]
[Result "0-1"]
[WhiteTitle "GM"]
[BlackTitle "GM"]
[WhiteElo "2498"]
[BlackElo "2658"]
[WhiteFideId "12100196"]
[BlackFideId "4142578"]
[EventDate "2013.06.06"]

1. d4 Nf6 2. c4 e6 3. Nc3 Bb4 4. e3 O-O 5. Bd3 c5 6. Nf3 Nc6 7. O-O Bxc3 8. bxc3
d6 9. Ng5 b6 10. f4 h6 11. Nf3 e5 12. e4 cxd4 13. cxd4 exd4 14. Bb2 Bb7 15. Qd2
Re8 16. Rae1 Qc7 17. Qf2 Nb4 18. Bb1 Nxe4 19. Qxd4 Qc5 20. a3 Na6 21. Rd1 Rad8
22. Kh1 Qxd4 23. Nxd4 Nac5 24. Nf5 f6 25. Kg1 Na4 26. Bd4 Bc8 27. Bc2 Bxf5 28.
Bxa4 Bd7 29. Bc2 Kf7 30. Bb2 Bc6 31. Rd4 Nc5 32. Kf2 Be4 33. Bxe4 Rxe4 34. Rfd1
Rde8 35. Rxe4 Rxe4 36. Rxd6 Rxf4+ 37. Ke3 Re4+ 38. Kf3 Rxc4 39. Rc6 Ne4 40. Rxc4
Nd2+ 0-1

[Event "FIDE World Rapid 2013"]
[Site "Khanty-Mansiysk RUS"]
[Date "2013.06.06"]
[Round "4.18"]
[White "Potapov, Pavel"]
[Black "Georgiev, Kiril"]
[Result "1/2-1/2"]
[WhiteTitle "IM"]
[BlackTitle "GM"]
[WhiteElo "2460"]
[BlackElo "2636"]
[WhiteFideId "4169786"]
[BlackFideId "2900017"]
[EventDate "2013.06.06"]

1. e4 c5 2. c3 Nf6 3. e5 Nd5 4. Nf3 Nc6 5. d4 cxd4 6. cxd4 d6 7. Bc4 e6 8. O-O
Be7 9. a3 O-O 10. Re1 Bd7 11. Bd2 Rc8 12. Nc3 Nxc3 13. Bxc3 Nxe5 14. dxe5 Rxc4
15. exd6 Bf6 16. Bxf6 gxf6 17. Rc1 Rxc1 18. Qxc1 Bc6 19. Qh6 Kh8 20. Rd1 Rg8 21.
Qf4 e5 22. Qf5 Bd7 23. Qe4 Qb6 24. b4 Qc6 25. Qxc6 Bxc6 26. Nh4 h5 27. g3 Rc8
28. Rc1 Rd8 29. Rd1 Bd7 30. f4 Kg7 31. Kf2 Rc8 32. Ke3 Rc2 33. Rd2 Rc1 34. Nf3
exf4+ 35. gxf4 Kf8 36. Nd4 Ra1 37. Rd3 Ke8 38. Kf2 Kd8 39. Rg3 Ra2+ 40. Kg1 Ra1+
41. Kf2 Ra2+ 42. Kg1 Ba4 43. Rg7 Rd2 44. Nf5 Bb3 45. Rh7 Kd7 46. Rxh5 Rd5 47.
Ng3 Rxd6 48. Rc5 Rd1+ 49. Nf1 Rd3 50. Kf2 Be6 51. f5 Ba2 52. Ne3 Rxa3 53. Ra5
Rxa5 54. bxa5 Bb1 55. h4 b5 56. axb6 axb6 57. Ke2 Be4 58. Kd2 Bf3 59. Kc3 Kd6
60. Kd4 b5 61. Nc2 Bg4 62. Ne3 Bf3 63. Nc2 Be2 64. Ne3 b4 65. Nd5 b3 66. Nxf6 b2
67. Ne4+ Ke7 68. Nd2 Kf6 69. Kc3 Kxf5 70. Kxb2 Kg4 71. Kc3 f5 72. Kd4 f4 73. Ke4 1/2-1/2

[Event "FIDE World Rapid 2013"]
[Site "Khanty-Mansiysk RUS"]
[Date "2013.06.06"]
[Round "4.20"]
[White "Moiseenko, Alexander"]
[Black "Pasiev, Rakhim"]
[Result "1-0"]
[WhiteTitle "GM"]
[BlackTitle "IM"]
[WhiteElo "2711"]
[BlackElo "2384"]
[WhiteFideId "14102560"]
[BlackFideId "24122475"]
[EventDate "2013.06.06"]

1. d4 d5 2. c4 Nc6 3. Nc3 dxc4 4. Nf3 Nf6 5. Bg5 h6 6. Bh4 Bg4 7. d5 Bxf3 8.
gxf3 Nb8 9. e4 e5 10. dxe6 Qxd1+ 11. Rxd1 fxe6 12. Bxc4 e5 13. Bxf6 gxf6 14. Nd5
Bd6 15. Nxf6+ Kf8 16. Rg1 Nc6 17. Nd7+ Ke8 18. Rg7 Nd8 19. f4 exf4 20. e5 Be7
21. Ke2 c6 22. Nf6+ 1-0

[Event "FIDE World Rapid 2013"]
[Site "Khanty-Mansiysk RUS"]
[Date "2013.06.06"]
[Round "4.21"]
[White "Bezgodov, Alexei"]
[Black "Frolyanov, Dmitry"]
[Result "0-1"]
[WhiteTitle "GM"]
[BlackTitle "GM"]
[WhiteElo "2482"]
[BlackElo "2570"]
[WhiteFideId "4105257"]
[BlackFideId "4151976"]
[EventDate "2013.06.06"]

1. e4 c5 2. Nf3 Nc6 3. d4 cxd4 4. Nxd4 Nf6 5. Nc3 e5 6. Ndb5 d6 7. Bg5 a6 8. Na3
b5 9. Bxf6 gxf6 10. Nd5 Bg7 11. Bd3 Ne7 12. Nxe7 Qxe7 13. O-O O-O 14. c4 f5 15.
Qf3 d5 16. cxd5 fxe4 17. Bxe4 Rb8 18. Rfd1 f5 19. d6 Qf6 20. d7 fxe4 21. Qxf6
Bxf6 22. dxc8=Q Rbxc8 23. Rd2 Rc6 24. g3 Rfc8 25. Re1 b4 26. Nb1 Rc1 27. Rdd1
Rxd1 28. Rxd1 Rc2 29. Nd2 e3 30. Ne4 e2 31. Nxf6+ Kf7 32. Re1 Kxf6 0-1

[Event "FIDE World Rapid 2013"]
[Site "Khanty-Mansiysk RUS"]
[Date "2013.06.06"]
[Round "4.22"]
[White "Smirin, Ilia"]
[Black "Byambaa, Zulzaga"]
[Result "1-0"]
[WhiteTitle "GM"]
[BlackTitle "FM"]
[WhiteElo "2663"]
[BlackElo "2285"]
[WhiteFideId "2801990"]
[BlackFideId "4900642"]
[EventDate "2013.06.06"]

1. e4 c6 2. d3 g6 3. g3 Bg7 4. Bg2 d5 5. Nd2 e5 6. Ngf3 Ne7 7. O-O O-O 8. Qe2 d4
9. Nh4 h6 10. f4 exf4 11. gxf4 Nd5 12. Nxg6 fxg6 13. exd5 cxd5 14. Nf3 Nc6 15.
Qf2 Be6 16. Bd2 Qd6 17. Qg3 Bf7 18. a3 Rfe8 19. b4 a6 20. Rf2 Re7 21. Kh1 Rae8
22. Rg1 Re2 23. Bf1 Rxf2 24. Qxf2 Qf6 25. h4 Ne7 26. h5 Nf5 27. hxg6 Bxg6 28.
Ne5 Bh5 29. Bg2 Rd8 30. Bh3 Kh7 31. Qg2 Nh4 32. Qg3 Re8 33. Bg4 Bxg4 34. Nxg4
Qd8 35. Qh3 Re2 36. Be1 Nf5 37. Qh5 Qf8 38. Nxh6 Nxh6 39. Qxe2 Qxf4 40. Bd2 Qh4+
41. Qh2 Qxh2+ 42. Kxh2 Nf5 43. Kh3 Bh6 44. Kg4 Ne3+ 45. Bxe3 dxe3 46. d4 Kg6 47.
Kf3+ Kf5 48. Rg8 e2 49. Kxe2 Bc1 50. a4 Ke4 51. c3 1-0

[Event "FIDE World Rapid 2013"]
[Site "Khanty-Mansiysk RUS"]
[Date "2013.06.06"]
[Round "4.23"]
[White "Nadanian, Ashot"]
[Black "Riazantsev, Alexander"]
[Result "0-1"]
[WhiteTitle "IM"]
[BlackTitle "GM"]
[WhiteElo "2428"]
[BlackElo "2708"]
[WhiteFideId "13300393"]
[BlackFideId "4125029"]
[EventDate "2013.06.06"]

1. e4 c6 2. d4 d5 3. exd5 cxd5 4. c4 Nf6 5. Nc3 Nc6 6. Nf3 Be6 7. Qb3 Na5 8.
Qb5+ Bd7 9. cxd5 a6 10. Qd3 b5 11. Ne5 g6 12. g3 Bf5 13. Qd1 Bg7 14. Bg2 O-O 15.
a3 Qc8 16. h3 Nc4 17. Nc6 Re8 18. g4 Bd7 19. O-O Nxd5 20. Nxd5 Bxc6 21. b3 e6
22. bxc4 exd5 23. cxd5 Bb7 24. Be3 Qd7 25. a4 Bxd5 26. axb5 axb5 27. Rb1 Rab8
28. Bf4 Rb6 29. Bxd5 Qxd5 30. Qb3 Qxb3 31. Rxb3 Bxd4 32. Rfb1 Re4 33. Bh6 b4 34.
Kg2 Bc5 35. Rc1 Rb5 36. Rd3 f6 37. Rd7 Be7 38. Kf3 Ree5 39. Rc8+ Kf7 40. Bf4 Re6
41. Rh8 Kg7 42. Re8 Kf7 43. Rh8 b3 44. Bh6 g5 45. h4 gxh4 46. Rd1 b2 47. Rb1 Kg6
48. Be3 Ra6 49. Bd4 Ra3+ 50. Ke4 h3 51. Re8 Rb7 52. f4 h2 53. Bxb2 Rbb3 54. Bxa3
Rxa3 55. Kd4 0-1

[Event "FIDE World Rapid 2013"]
[Site "Khanty-Mansiysk RUS"]
[Date "2013.06.06"]
[Round "4.24"]
[White "Ghaem Maghami, Ehsan"]
[Black "Pridorozhni, Aleksei"]
[Result "1-0"]
[WhiteTitle "GM"]
[BlackTitle "GM"]
[WhiteElo "2554"]
[BlackElo "2512"]
[WhiteFideId "12500739"]
[BlackFideId "4127870"]
[EventDate "2013.06.06"]

1. e4 c5 2. Nf3 Nc6 3. Bb5 g6 4. O-O Bg7 5. Re1 Nf6 6. c3 O-O 7. h3 d6 8. d4
cxd4 9. cxd4 a6 10. Bxc6 bxc6 11. Nc3 Bb7 12. Bg5 h6 13. Bf4 c5 14. d5 Nd7 15.
Qd2 g5 16. Bg3 f5 17. exf5 Rxf5 18. Qd3 Rf7 19. Re3 Qf8 20. Rae1 Bxc3 21. bxc3
Qg7 22. c4 Nf8 23. Qb3 Bc8 24. Qb6 Ng6 25. Qc6 Rb8 26. Rb3 Rxb3 27. Qxc8+ Kh7
28. axb3 Qc3 29. Qe6 Kg7 30. Qe3 Qb2 31. h4 g4 32. h5 gxf3 33. hxg6 Kxg6 34.
gxf3 Kh7 35. Kg2 Rg7 36. Qd3+ 1-0

[Event "FIDE World Rapid 2013"]
[Site "Khanty-Mansiysk RUS"]
[Date "2013.06.06"]
[Round "4.26"]
[White "Ram, S. Krishnan"]
[Black "Inarkiev, Ernesto"]
[Result "0-1"]
[BlackTitle "GM"]
[WhiteElo "2248"]
[BlackElo "2680"]
[WhiteFideId "5010519"]
[BlackFideId "4162722"]
[EventDate "2013.06.06"]

1. Nf3 d5 2. d4 e6 3. c4 a6 4. cxd5 exd5 5. Nc3 c6 6. Qc2 Bd6 7. Bg5 Ne7 8. e3
Bg4 9. Bd3 Nd7 10. Nd2 Nf8 11. h3 Bh5 12. f4 h6 13. Bh4 g5 14. fxg5 Neg6 15. Bf2
hxg5 16. Nf3 Qf6 17. Be2 Ne7 18. O-O-O Bg6 19. Bd3 Bxd3 20. Qxd3 O-O-O 21. e4
Bf4+ 22. Be3 Ne6 23. e5 Qg6 24. Bxf4 Qxd3 25. Rxd3 gxf4 26. Ne2 Rdg8 27. Ne1 Rh4
28. Rf1 Rg7 29. Rf2 Kd7 30. Rdf3 Nf5 31. Kd2 Rhh7 32. Rd3 Rh4 33. g4 Ng3 34.
Nxg3 fxg3 35. Rxg3 Ng5 36. Rb3 Rxh3 37. Rxh3 Nxh3 38. Rf3 Ng5 39. Rb3 Kc7 40.
Ke3 Ne6 41. Nf3 Rxg4 42. Rd3 a5 43. Rd2 Rg3 44. Kf2 Rh3 45. Rd1 Rh5 46. Rg1 Rf5
47. Ke3 b6 48. Rd1 Kd7 49. b3 Ke7 50. a3 Rf4 51. b4 Re4+ 52. Kf2 a4 53. Rc1 Kd7
54. Rd1 Nc7 55. Ng5 Rg4 56. Nh7 Rh4 57. Nf6+ Kc8 58. Rc1 Kb7 59. Rg1 Ne6 60. Rg8
Rh3 61. Re8 Rxa3 62. Re7+ Ka6 63. Rxf7 Kb5 64. Re7 Nxd4 65. Re8 Rf3+ 66. Kg2 a3
67. Nd7 Kxb4 68. Nxb6 a2 0-1